00790 a2200385 4500000002100000001000700021005001700028008004100045010000500086020000500091082001600096100002300112110000500135245008000140250000500220260004800225300001000273490000700283500000500290600000500295610000500300611000500305630000500310650000500315651000500320654000500325700003100330710000900361711000500370720000500375730000500380740000500385752000500390856000900395BKB 07027720200902150811.0  a a a330.1bE74E1 aThakur, Anil Kumar a1 aEconomics of Mahatma Gandhicby Anil Kumar Thakur and Mithilesh Kumar Sinha a aNew DelhibDeep and Deep Publicationsc2009 a508p. av a a a a a a a a aSinha, Mithilesh Kumarbc abc a a a a a adf